000
00280nam a2200121Ia 4500
008
201214s9999 xx 000 0 und d
100
_a
Worsig, G. and Nevelling, V.
245
0
_a
Terminology of Documentation
260
_a
Paris
260
_b
UNESCO
300
_a
274
942
_c
BK
999
_c
5980
_d
5980